000 00713nam a22001937a 4500
999 _c163880
_d163880
005 20190502174300.0
010 _aUR-10059
020 _c400.00
_a9789387539303
035 _aU-8614
037 _bDBAD/PUB
082 _a954.083
100 _aمحمد ا ر شا د
245 _aمسلم ا کا بر ين کی قر با نيا ں
_c محمد ا ر شا د
246 _bAzadi-e-Hind Ke Liye Muslim Akabreen ki Qurbaniyan(Urdu)
_aby Mohd.Irshad
260 _a Delhi
_bEducational Publishing House
_c2017ء
270 _a3191،Vakil Street,Kucha Pandit,Lal Kuan,
_bDelhi
_e110006
_k23216162
_l00911123211540
300 _a332ص
_c22 Cm.(bk)
942 _2ddc
_cUR
_h954.083
_mم ح م